[Event "Bayerische Frauen-EM 2022"]
[Site "Rosenheim"]
[Date "2021.08.22"]
[Round "1.1"]
[White "Schäfer, Ann-Kathrin"]
[Black "Bardorz, Jana"]
[Result "0-1"]
[WhiteElo "1671"]
[BlackElo "1984"]
[PlyCount "96"]
[EventDate "2021.??.??"]
[WhiteTeam "SC JÄKLECHEMIE"]
[BlackTeam "TSV Rottendorf"]

1. d4 d5 2. Nf3 Nf6 3. e3 e6 4. Bd3 Bd6 5. O-O b6 6. b3 Bb7 7. Bb2 c5 8. dxc5
Bxc5 9. c4 O-O 10. cxd5 Nxd5 11. Nc3 Nd7 12. Nxd5 Bxd5 13. Rc1 Nf6 14. Qe2 Qe7
15. Rfd1 Ba3 16. Bxa3 Qxa3 17. Rc7 Rac8 18. Rxc8 Rxc8 19. e4 Bb7 20. e5 Bxf3
21. Qxf3 Nd5 22. Bc4 Rd8 23. Qe2 Rd7 24. Qc2 Qc5 25. Qe4 b5 26. Bxd5 Rxd5 27.
Qe1 h6 28. Rxd5 Qxd5 29. h3 Qd4 30. Qe2 b4 31. Kh2 Kh7 32. f3 h5 33. Kh1 h4 34.
Kh2 Kg6 35. Qc2+ Kg5 36. Qc7 Kg6 37. Qc2+ Kh6 38. Qe2 Kg5 39. Qb5 Kf4 40. Qb7
Kxe5 41. Qb5+ Kf6 42. Qb8 Qe5+ 43. Qxe5+ Kxe5 44. Kg1 Kf4 45. Kf2 f5 46. Kf1
Kg3 47. Kg1 e5 48. Kf1 e4 0-1

[Event "Bayerische Frauen-EM 2022"]
[Site "Rosenheim"]
[Date "2021.08.22"]
[Round "1.2"]
[White "Naumann, Jutta"]
[Black "Bräuer, Vanessa"]
[Result "0-1"]
[WhiteElo "1427"]
[BlackElo "2006"]
[PlyCount "28"]
[EventDate "2021.??.??"]
[WhiteTeam "SC Roter Turm Altstadt"]
[BlackTeam "SC Roter Turm Altstadt"]

1. c4 Nf6 2. g3 h5 3. Bg2 h4 4. Nh3 d5 5. cxd5 Bxh3 6. O-O Bxg2 7. Kxg2 Qxd5+
8. Kg1 Qh5 9. e3 Ng4 10. Kg2 hxg3 11. Rh1 Qh3+ 12. Kf3 Ne5+ 13. Ke2 Qg4+ 14.
Ke1 Nd3+ 0-1

[Event "Bayerische Frauen-EM 2022"]
[Site "Rosenheim"]
[Date "2021.08.22"]
[Round "1.3"]
[White "Hofmann, Karina"]
[Black "Birkholz, Olga"]
[Result "0-1"]
[WhiteElo "1641"]
[BlackElo "2002"]
[PlyCount "56"]
[EventDate "2021.??.??"]
[WhiteTeam "SK Weiden"]
[BlackTeam "TSV Bindlach Aktionär"]

1. f4 d6 2. Nf3 g6 3. g3 Bg7 4. Bg2 Nf6 5. O-O c5 6. d3 Nc6 7. c3 Rb8 8. Ng5
O-O 9. Nd2 Qc7 10. Nde4 Bf5 11. h3 h6 12. Nxf6+ exf6 13. Nf3 Be6 14. e4 f5 15.
Be3 Ne7 16. Qc2 Rbd8 17. d4 fxe4 18. Ne1 cxd4 19. Bxd4 Bxd4+ 20. cxd4 Qxc2 21.
Nxc2 d5 22. g4 f5 23. Ne3 Rc8 24. Rac1 Nc6 25. gxf5 gxf5 26. Nc2 Rf7 27. h4
Rfc7 28. b4 Nxb4 0-1

[Event "Bayerische Frauen-EM 2022"]
[Site "Rosenheim"]
[Date "2021.08.22"]
[Round "1.4"]
[White "Vidonyak, Nellya"]
[Black "Stegmaier, Erika"]
[Result "1-0"]
[WhiteElo "2118"]
[BlackElo "1432"]
[PlyCount "57"]
[EventDate "2021.??.??"]
[WhiteTeam "FC Bayern München"]
[BlackTeam "SK Neuperlach"]

1. d4 d5 2. c4 e6 3. Nc3 Nf6 4. Bg5 Be7 5. e3 O-O 6. Qc2 c6 7. Nf3 Nbd7 8. cxd5
cxd5 9. Bd3 h6 10. Bh4 a6 11. O-O b5 12. Rfc1 Bb7 13. Rab1 Ne4 14. Bxe7 Qxe7
15. Nxe4 dxe4 16. Bxe4 Bxe4 17. Qxe4 Nf6 18. Qc6 Nd5 19. Ne5 Nb4 20. Qb6 Nxa2
21. Rc7 Qe8 22. Nd7 Nb4 23. e4 Rc8 24. Rxc8 Qxc8 25. Nxf8 Qxf8 26. Qc5 Qxc5 27.
dxc5 Nc6 28. Rd1 Kf8 29. Rd6 1-0

[Event "Bayerische Frauen-EM 2022"]
[Site "Rosenheim"]
[Date "2021.08.23"]
[Round "2.1"]
[White "Bardorz, Jana"]
[Black "Stegmaier, Erika"]
[Result "1-0"]
[WhiteElo "1984"]
[BlackElo "1432"]
[PlyCount "67"]
[EventDate "2021.??.??"]
[WhiteTeam "TSV Rottendorf"]
[BlackTeam "SK Neuperlach"]

1. e4 c5 2. Nf3 Nc6 3. d4 cxd4 4. Nxd4 d6 5. Nc3 Nf6 6. Bg5 e5 7. Nf3 Be7 8.
Bxf6 Bxf6 9. Be2 O-O 10. Nd5 Be6 11. O-O Bxd5 12. Qxd5 Qc7 13. c4 Ne7 14. Qd3
Ng6 15. g3 b6 16. Rfd1 Rad8 17. h4 Qe7 18. h5 Nf4 19. gxf4 exf4 20. Rab1 Bh4
21. Nxh4 Qxh4 22. Qf3 Qg5+ 23. Qg2 Qf6 24. Rd5 h6 25. b3 Rc8 26. Rbd1 Rc6 27.
Qg4 a6 28. Qf5 Qh4 29. Rxd6 Rxd6 30. Rxd6 Re8 31. e5 Rd8 32. Bd3 Rxd6 33. exd6
Qd8 34. Qh7+ 1-0

[Event "Bayerische Frauen-EM 2022"]
[Site "Rosenheim"]
[Date "2021.08.23"]
[Round "2.2"]
[White "Birkholz, Olga"]
[Black "Vidonyak, Nellya"]
[Result "1/2-1/2"]
[WhiteElo "2002"]
[BlackElo "2118"]
[PlyCount "25"]
[EventDate "2021.??.??"]
[WhiteTeam "TSV Bindlach Aktionär"]
[BlackTeam "FC Bayern München"]

1. Nf3 d5 2. d4 e6 3. Bf4 a6 4. e3 Nf6 5. Nbd2 Be7 6. Bd3 O-O 7. Ne5 c5 8. c3
b5 9. dxc5 Bxc5 10. Qf3 Nbd7 11. Qg3 g6 12. Be2 Nxe5 13. Bxe5 1/2-1/2

[Event "Bayerische Frauen-EM 2022"]
[Site "Rosenheim"]
[Date "2021.08.23"]
[Round "2.3"]
[White "Bräuer, Vanessa"]
[Black "Hofmann, Karina"]
[Result "1/2-1/2"]
[WhiteElo "2006"]
[BlackElo "1641"]
[PlyCount "110"]
[EventDate "2021.??.??"]
[WhiteTeam "SC Roter Turm Altstadt"]
[BlackTeam "SK Weiden"]

1. e4 b6 2. Nc3 Bb7 3. d4 e6 4. f4 Bb4 5. e5 Qh4+ 6. g3 Qe7 7. Nf3 c5 8. Bd2
cxd4 9. Nb5 Bxd2+ 10. Kxd2 Qb4+ 11. Kc1 Bxf3 12. Qxf3 Qe1+ 13. Qd1 Qxd1+ 14.
Kxd1 Kd8 15. Bg2 Nc6 16. Nxd4 Nge7 17. Nb5 Nf5 18. Nd6 Nxd6 19. exd6 Rc8 20. c3
Re8 21. Re1 Na5 22. Kc2 f6 23. Rad1 Rf8 24. b4 Nc6 25. b5 Na5 26. f5 Re8 27.
Rd4 Rc5 28. fxe6 Rxe6 29. Rxe6 dxe6 30. a4 Kd7 31. h4 f5 32. h5 e5 33. Rd5 Rxd5
34. Bxd5 Kxd6 35. c4 Kc5 36. Kc3 g6 37. h6 f4 38. gxf4 exf4 39. Bg8 f3 40. Kd3
f2 41. Ke2 Nxc4 42. Bxh7 Ne3 43. Kxf2 Ng4+ 44. Kf3 Nxh6 45. Bxg6 Kb4 46. Bc2
Kc3 47. Bd1 Nf5 48. Ke4 Nd6+ 49. Kd5 Nc4 50. Kc6 Kb4 51. Kb7 Na3 52. Ka6 Kc5
53. Bb3 Kb4 54. Kxa7 Ka5 55. Kb7 Nxb5 1/2-1/2

[Event "Bayerische Frauen-EM 2022"]
[Site "Rosenheim"]
[Date "2021.08.23"]
[Round "2.4"]
[White "Schäfer, Ann-Kathrin"]
[Black "Naumann, Jutta"]
[Result "1-0"]
[WhiteElo "1671"]
[BlackElo "1427"]
[PlyCount "63"]
[EventDate "2021.??.??"]
[WhiteTeam "SC JÄKLECHEMIE"]
[BlackTeam "SC Roter Turm Altstadt"]

1. d4 e6 2. Nf3 d5 3. e3 Nf6 4. Bd3 c5 5. b3 Bd7 6. O-O Bd6 7. Bb2 Nc6 8. Nbd2
O-O 9. a3 a6 10. Qe2 Na7 11. Ne5 Bb5 12. c4 dxc4 13. Ndxc4 Qc7 14. f4 Nd5 15.
Rf3 f6 16. Ng4 Bc6 17. Rh3 f5 18. Nge5 Nf6 19. g4 Be4 20. Bxe4 Nxe4 21. g5 g6
22. Qe1 b5 23. Nxd6 Qxd6 24. dxc5 Nxc5 25. Rd1 Qe7 26. b4 Ne4 27. Rd7 Qe8 28.
Rhxh7 Rf7 29. Rhxf7 Rd8 30. Rg7+ Kf8 31. Nxg6+ Qxg6 32. Rxd8+ 1-0

[Event "Bayerische Frauen-EM 2022"]
[Site "Rosenheim"]
[Date "2021.08.23"]
[Round "3.1"]
[White "Naumann, Jutta"]
[Black "Bardorz, Jana"]
[Result "0-1"]
[WhiteElo "1427"]
[BlackElo "1984"]
[PlyCount "36"]
[EventDate "2021.??.??"]
[WhiteTeam "SC Roter Turm Altstadt"]
[BlackTeam "TSV Rottendorf"]

1. c4 e5 2. g3 Nc6 3. Bg2 Bc5 4. e3 d6 5. Ne2 a6 6. O-O Ba7 7. Nbc3 h5 8. f4 h4
9. fxe5 Nxe5 10. d4 Ng4 11. Bd5 N8f6 12. Bf3 hxg3 13. Nxg3 Nxh2 14. Rf2 Nfg4
15. Bxg4 Nxg4 16. Rf4 Qh4 17. Re4+ Be6 18. Nf1 Qf2# 0-1

[Event "Bayerische Frauen-EM 2022"]
[Site "Rosenheim"]
[Date "2021.08.23"]
[Round "3.2"]
[White "Hofmann, Karina"]
[Black "Schäfer, Ann-Kathrin"]
[Result "0-1"]
[WhiteElo "1641"]
[BlackElo "1671"]
[PlyCount "88"]
[EventDate "2021.??.??"]
[WhiteTeam "SK Weiden"]
[BlackTeam "SC JÄKLECHEMIE"]

1. f4 c5 2. e3 Nc6 3. b3 Nf6 4. Bb2 g6 5. Nf3 Bg7 6. Bb5 O-O 7. Bxc6 bxc6 8.
Nc3 d5 9. Ne5 Bb7 10. Na4 Qa5 11. Bc3 Qb5 12. Qe2 Ne4 13. Nd7 Rfc8 14. Bxg7
Kxg7 15. Qd3 f6 16. Nc3 Nxc3 17. Qxc3 Ba6 18. d3 c4 19. a4 Qb7 20. Nc5 Qb6 21.
d4 cxb3 22. Rb1 Bc4 23. cxb3 Ba6 24. Kf2 Kf7 25. Rhc1 Rc7 26. g4 Kg8 27. h4 Bc8
28. Kg3 h5 29. g5 Bf5 30. gxf6 Bxb1 31. Rxb1 exf6 32. e4 Re8 33. b4 dxe4 34.
Qc4+ Kf8 35. Rd1 Rce7 36. d5 cxd5 37. Rxd5 Kg7 38. a5 Qb8 39. Nd7 Qc8 40. Qd4
Re6 41. Nxf6 Rxf6 42. Rd7+ Kg8 43. Qxa7 Qc3+ 44. Kh2 Rxf4 0-1

[Event "Bayerische Frauen-EM 2022"]
[Site "Rosenheim"]
[Date "2021.08.23"]
[Round "3.3"]
[White "Vidonyak, Nellya"]
[Black "Bräuer, Vanessa"]
[Result "1-0"]
[WhiteElo "2118"]
[BlackElo "2006"]
[PlyCount "62"]
[EventDate "2021.??.??"]
[WhiteTeam "FC Bayern München"]
[BlackTeam "SC Roter Turm Altstadt"]

1. d4 Nf6 2. Nf3 d5 3. g3 Bf5 4. Bg2 e6 5. c4 c6 6. Nc3 dxc4 7. Ne5 Bb4 8. O-O
Bxc3 9. bxc3 Ne4 10. Qe1 b5 11. g4 Bg6 12. f4 f5 13. a4 b4 14. Bxe4 fxe4 15.
Be3 Qd5 16. cxb4 Nd7 17. Qc3 a5 18. Nxc4 axb4 19. Qxb4 Rb8 20. Qc3 O-O 21. Rfb1
Rxb1+ 22. Rxb1 Ra8 23. a5 c5 24. dxc5 Nxc5 25. Ne5 Nd7 26. Nxd7 Qxd7 27. Qe5
Qc8 28. Bd4 Qf8 29. Rb7 Bf7 30. a6 Rd8 31. a7 Be8 1-0

[Event "Bayerische Frauen-EM 2022"]
[Site "Rosenheim"]
[Date "2021.08.23"]
[Round "3.4"]
[White "Stegmaier, Erika"]
[Black "Birkholz, Olga"]
[Result "0-1"]
[WhiteElo "1432"]
[BlackElo "2002"]
[PlyCount "42"]
[EventDate "2021.??.??"]
[WhiteTeam "SK Neuperlach"]
[BlackTeam "TSV Bindlach Aktionär"]

1. c4 d6 2. Nc3 g6 3. e3 Bg7 4. d4 Nd7 5. Nf3 h6 6. Be2 f5 7. O-O Ngf6 8. b3 e6
9. Bb2 O-O 10. Rc1 g5 11. h3 b6 12. Bd3 Nh7 13. Qc2 g4 14. hxg4 fxg4 15. Nd2
Ng5 16. Ne2 Bb7 17. Ng3 Nf6 18. Nde4 Nfxe4 19. Bxe4 Bxe4 20. Nxe4 Nf3+ 21. Kh1
Qh4# 0-1

[Event "Bayerische Frauen-EM 2022"]
[Site "Rosenheim"]
[Date "2021.08.24"]
[Round "4.1"]
[White "Bardorz, Jana"]
[Black "Birkholz, Olga"]
[Result "1/2-1/2"]
[WhiteElo "1984"]
[BlackElo "2002"]
[PlyCount "53"]
[EventDate "2021.??.??"]
[WhiteTeam "TSV Rottendorf"]
[BlackTeam "TSV Bindlach Aktionär"]

1. e4 g6 2. d4 Bg7 3. Nc3 d6 4. Be3 c6 5. Qd2 b5 6. O-O-O b4 7. Nce2 a5 8. Kb1
Ba6 9. g4 Nf6 10. f3 h5 11. g5 Nfd7 12. f4 Nb6 13. b3 N8d7 14. Nf3 Qc7 15. f5
gxf5 16. exf5 Nd5 17. Re1 Bxe2 18. Bxe2 Nc3+ 19. Kb2 a4 20. Ra1 Qa5 21. g6 axb3
22. gxf7+ Kd8 23. axb3 Qa2+ 24. Rxa2 Rxa2+ 25. Kc1 Ra1+ 26. Kb2 Ra2+ 27. Kc1
1/2-1/2

[Event "Bayerische Frauen-EM 2022"]
[Site "Rosenheim"]
[Date "2021.08.24"]
[Round "4.2"]
[White "Bräuer, Vanessa"]
[Black "Stegmaier, Erika"]
[Result "1-0"]
[WhiteElo "2006"]
[BlackElo "1432"]
[PlyCount "57"]
[EventDate "2021.??.??"]
[WhiteTeam "SC Roter Turm Altstadt"]
[BlackTeam "SK Neuperlach"]

1. e4 c5 2. Nc3 e6 3. Bc4 d6 4. f4 Nc6 5. Nf3 Nf6 6. O-O Be7 7. e5 dxe5 8. fxe5
Nd5 9. d4 O-O 10. Ne4 a6 11. Bg5 h6 12. Bxe7 Ndxe7 13. c3 cxd4 14. cxd4 b5 15.
Bb3 Bb7 16. Nd6 Qc7 17. Nxf7 Nf5 18. Bxe6 Rxf7 19. Qd3 Bc8 20. Bxf7+ Qxf7 21.
Qe4 Bb7 22. e6 Qf6 23. Ne5 Nxe5 24. Qxb7 Rd8 25. dxe5 Qxe5 26. Qf7+ Kh8 27.
Qxf5 Qd6 28. Rae1 Qd4+ 29. Kh1 1-0

[Event "Bayerische Frauen-EM 2022"]
[Site "Rosenheim"]
[Date "2021.08.24"]
[Round "4.3"]
[White "Schäfer, Ann-Kathrin"]
[Black "Vidonyak, Nellya"]
[Result "1/2-1/2"]
[WhiteElo "1671"]
[BlackElo "2118"]
[PlyCount "127"]
[EventDate "2021.??.??"]
[WhiteTeam "SC JÄKLECHEMIE"]
[BlackTeam "FC Bayern München"]

1. d4 d5 2. Nf3 e6 3. e3 a6 4. a4 Nf6 5. Bd3 c5 6. b3 Nc6 7. O-O Qc7 8. Bb2
cxd4 9. exd4 Bd6 10. Re1 Nb4 11. Ne5 O-O 12. Re3 Nxd3 13. Qxd3 Ne4 14. f3 f6
15. fxe4 dxe4 16. Rxe4 fxe5 17. dxe5 Bc5+ 18. Kh1 Rd8 19. Qe2 b5 20. axb5 Bb7
21. Rf4 axb5 22. Rxa8 Bxa8 23. Rf1 Qc6 24. Nd2 Bb4 25. Nf3 Rf8 26. c4 bxc4 27.
Qxc4 Qxc4 28. bxc4 Rf4 29. Rc1 Bc5 30. h3 Bxf3 31. gxf3 Rxf3 32. Rd1 Rxh3+ 33.
Kg2 Rb3 34. Rd2 Kf7 35. Bd4 Bxd4 36. Rxd4 Rc3 37. Rf4+ Ke7 38. Rg4 g6 39. Rh4
h5 40. Kf2 Kd7 41. Rf4 g5 42. Rf7+ Kc6 43. Rg7 Rxc4 44. Rxg5 Rf4+ 45. Ke3 Rf5
46. Rg6 Kd5 47. Rh6 Rxe5+ 48. Kf4 Rf5+ 49. Ke3 e5 50. Rh8 Rg5 51. Rd8+ Ke6 52.
Re8+ Kf5 53. Kf3 Rg4 54. Rf8+ Kg5 55. Rg8+ Kh4 56. Rh8 Rg5 57. Ra8 Kh3 58. Ra1
Kh2 59. Ra2+ Kh1 60. Ra1+ Rg1 61. Ra4 Rf1+ 62. Kg3 Kg1 63. Re4 h4+ 64. Kxh4
1/2-1/2

[Event "Bayerische Frauen-EM 2022"]
[Site "Rosenheim"]
[Date "2021.08.24"]
[Round "4.4"]
[White "Naumann, Jutta"]
[Black "Hofmann, Karina"]
[Result "1-0"]
[WhiteElo "1427"]
[BlackElo "1641"]
[PlyCount "101"]
[EventDate "2021.??.??"]
[WhiteTeam "SC Roter Turm Altstadt"]
[BlackTeam "SK Weiden"]

1. c4 e5 2. g3 Bc5 3. Bg2 Ne7 4. Nc3 O-O 5. e3 c6 6. Nge2 d5 7. cxd5 cxd5 8. d4
exd4 9. Nxd4 Nbc6 10. O-O Bxd4 11. exd4 Be6 12. Bg5 Qb6 13. b3 Qb4 14. Ne2 Nf5
15. Be3 Rfe8 16. Re1 Nxe3 17. fxe3 Bg4 18. Qd3 Bxe2 19. Rxe2 Nxd4 20. Rf2 Ne6
21. Bxd5 Re7 22. Raf1 Rae8 23. Qf5 Nd8 24. e4 Qb6 25. Kg2 Qh6 26. Rf4 Qg6 27.
Qxg6 hxg6 28. h4 Kf8 29. Rh1 Rc7 30. Rg4 Rc2+ 31. Kf3 Rxa2 32. h5 f5 33. Rxg6
Nf7 34. Rf1 Ne5+ 35. Kf4 Nxg6+ 36. hxg6 Ke7 37. exf5 b6 38. Kg5 Kd6 39. Be6 Re2
40. Rd1+ Kc5 41. Rd7 Re5 42. Bc4 R8e7 43. Rd8 b5 44. Bf7 a5 45. Rg8 a4 46. bxa4
bxa4 47. Rxg7 a3 48. Rg8 Kb4 49. Kf6 Re8 50. g7 Re3 51. Rxe8 1-0

[Event "Bayerische Frauen-EM 2022"]
[Site "Rosenheim"]
[Date "2021.08.25"]
[Round "5.1"]
[White "Hofmann, Karina"]
[Black "Bardorz, Jana"]
[Result "0-1"]
[WhiteElo "1641"]
[BlackElo "1984"]
[PlyCount "74"]
[EventDate "2021.??.??"]
[WhiteTeam "SK Weiden"]
[BlackTeam "TSV Rottendorf"]

1. f4 e5 2. fxe5 d6 3. exd6 Bxd6 4. Nf3 g5 5. g3 g4 6. Nh4 Ne7 7. d4 Ng6 8. Ng2
Nc6 9. c3 h5 10. Qd3 h4 11. Nf4 Nxf4 12. Bxf4 Bxf4 13. gxf4 Qd6 14. Qe3+ Be6
15. f5 Qd5 16. fxe6 Qxh1 17. exf7+ Kd7 18. d5 Qxd5 19. Na3 Qe5 20. O-O-O+ Ke7
21. Qf2 Rad8 22. Rxd8 Nxd8 23. f8=Q+ Rxf8 24. Qxh4+ Ke8 25. Bg2 Qe3+ 26. Kd1
Qg1+ 27. Kd2 Qxg2 28. Qh5+ Kd7 29. Nb5 c6 30. Nd4 Kc8 31. Qc5 Qf2 32. Qxa7 Qxh2
33. Qa8+ Qb8 34. Qa3 Qf4+ 35. Kc2 Re8 36. Qc5 Qe5 37. Qb6 g3 0-1

[Event "Bayerische Frauen-EM 2022"]
[Site "Rosenheim"]
[Date "2021.08.25"]
[Round "5.2"]
[White "Vidonyak, Nellya"]
[Black "Naumann, Jutta"]
[Result "1-0"]
[WhiteElo "2118"]
[BlackElo "1427"]
[PlyCount "39"]
[EventDate "2021.??.??"]
[WhiteTeam "FC Bayern München"]
[BlackTeam "SC Roter Turm Altstadt"]

1. d4 e6 2. Nf3 d5 3. Bf4 Bd7 4. e3 c5 5. c3 Nf6 6. Nbd2 b5 7. dxc5 Bxc5 8. Bd3
O-O 9. O-O Bc6 10. Ne5 Be8 11. e4 dxe4 12. Nxe4 Be7 13. Nxf6+ Bxf6 14. Qf3 Na6
15. Rad1 Qc8 16. Be4 Rb8 17. Qh3 g6 18. Ng4 e5 19. Nxf6+ Kg7 20. Qh6+ 1-0

[Event "Bayerische Frauen-EM 2022"]
[Site "Rosenheim"]
[Date "2021.08.25"]
[Round "5.3"]
[White "Stegmaier, Erika"]
[Black "Schäfer, Ann-Kathrin"]
[Result "0-1"]
[WhiteElo "1432"]
[BlackElo "1671"]
[PlyCount "36"]
[EventDate "2021.??.??"]
[WhiteTeam "SK Neuperlach"]
[BlackTeam "SC JÄKLECHEMIE"]

1. c4 e5 2. Nc3 f5 3. e3 Nf6 4. d3 c6 5. Nf3 e4 6. dxe4 fxe4 7. Nd2 d5 8. cxd5
cxd5 9. Be2 Be7 10. O-O O-O 11. Nb3 Nc6 12. a3 a6 13. Bd2 b5 14. Rc1 Qe8 15.
Na2 Ne5 16. Bc3 Bd6 17. Bxe5 Qxe5 18. Nd4 Qxh2# 0-1

[Event "Bayerische Frauen-EM 2022"]
[Site "Rosenheim"]
[Date "2021.08.25"]
[Round "5.4"]
[White "Birkholz, Olga"]
[Black "Bräuer, Vanessa"]
[Result "1-0"]
[WhiteElo "2002"]
[BlackElo "2006"]
[PlyCount "69"]
[EventDate "2021.??.??"]
[WhiteTeam "TSV Bindlach Aktionär"]
[BlackTeam "SC Roter Turm Altstadt"]

1. Nf3 Nf6 2. b3 d5 3. Bb2 b6 4. e3 Bb7 5. d4 Nbd7 6. Bd3 Ne4 7. O-O h5 8. Nbd2
e6 9. Ne5 Nxe5 10. dxe5 Nxd2 11. Qxd2 Qg5 12. f4 Qh6 13. Bb5+ c6 14. Bd3 Be7
15. Qf2 O-O-O 16. a4 f5 17. exf6 gxf6 18. a5 b5 19. a6 Ba8 20. e4 Kb8 21. Bd4
Rd7 22. Bxa7+ Kc8 23. exd5 exd5 24. Bf5 Rg8 25. Qe3 Qg7 26. Rf2 Kd8 27. Bb6+
Ke8 28. Bxd7+ Kxd7 29. Re1 Qf7 30. Bc5 Bd8 31. f5 Rg4 32. Qe6+ Qxe6 33. fxe6+
Ke8 34. e7 Ba5 35. Rxf6 1-0

[Event "Bayerische Frauen-EM 2022"]
[Site "Rosenheim"]
[Date "2021.08.25"]
[Round "6.1"]
[White "Bardorz, Jana"]
[Black "Bräuer, Vanessa"]
[Result "1-0"]
[WhiteElo "1984"]
[BlackElo "2006"]
[PlyCount "89"]
[EventDate "2021.??.??"]
[WhiteTeam "TSV Rottendorf"]
[BlackTeam "SC Roter Turm Altstadt"]

1. e4 e5 2. Nf3 Nf6 3. Nc3 Nc6 4. d4 exd4 5. Nxd4 Nxe4 6. Nxe4 Qe7 7. f3 d5 8.
Nxc6 bxc6 9. Bd3 dxe4 10. fxe4 Qh4+ 11. g3 Qh3 12. Qf3 Bg4 13. Qf4 Bb4+ 14. Bd2
Bxd2+ 15. Kxd2 O-O 16. Rae1 Qh5 17. Kc1 Be6 18. e5 a5 19. a4 Rab8 20. Be2 Qh3
21. Bf3 Rb4 22. Re4 Rfb8 23. Rxb4 Rxb4 24. Qd2 h6 25. Bxc6 Qg4 26. b3 Bxb3 27.
Qd8+ Kh7 28. Qd3+ Kg8 29. cxb3 Qg5+ 30. Kc2 Qxe5 31. Rd1 Rb6 32. Bd5 Rf6 33.
Rd2 Qa1 34. Qd4 Qa3 35. Bc4 Rd6 36. Qc3 Qa2+ 37. Kc1 Qa3+ 38. Qb2 Qc5 39. Rxd6
cxd6 40. Qc2 d5 41. Bd3 Qe3+ 42. Kb2 g6 43. Qe2 Qd4+ 44. Ka2 Kg7 45. Qb2 1-0

[Event "Bayerische Frauen-EM 2022"]
[Site "Rosenheim"]
[Date "2021.08.25"]
[Round "6.2"]
[White "Schäfer, Ann-Kathrin"]
[Black "Birkholz, Olga"]
[Result "0-1"]
[WhiteElo "1671"]
[BlackElo "2002"]
[PlyCount "64"]
[EventDate "2021.??.??"]
[WhiteTeam "SC JÄKLECHEMIE"]
[BlackTeam "TSV Bindlach Aktionär"]

1. d4 Nf6 2. Nf3 g6 3. Nbd2 Bg7 4. e4 d6 5. b3 O-O 6. Bb2 Nfd7 7. Bc4 Nc6 8. h4
e5 9. h5 exd4 10. hxg6 hxg6 11. Nh4 Qf6 12. Qe2 Nde5 13. O-O-O d3 14. Qe3 dxc2
15. Kxc2 Nxc4 16. Nxc4 Ne5 17. Nxe5 dxe5 18. Rd5 Re8 19. Qg3 c6 20. Rd3 Qf4 21.
Qxf4 exf4 22. Bxg7 Kxg7 23. Re1 Be6 24. Nf3 Rad8 25. Red1 Rxd3 26. Rxd3 Kf6 27.
Kc3 Rh8 28. Rd4 g5 29. Ra4 a6 30. Ra5 g4 31. Ra4 gxf3 32. gxf3 Rh2 0-1

[Event "Bayerische Frauen-EM 2022"]
[Site "Rosenheim"]
[Date "2021.08.25"]
[Round "6.3"]
[White "Naumann, Jutta"]
[Black "Stegmaier, Erika"]
[Result "1-0"]
[WhiteElo "1427"]
[BlackElo "1432"]
[PlyCount "49"]
[EventDate "2021.??.??"]
[WhiteTeam "SC Roter Turm Altstadt"]
[BlackTeam "SK Neuperlach"]

1. c4 Nf6 2. g3 e6 3. Bg2 Be7 4. Nc3 O-O 5. d3 c6 6. e4 d6 7. Nge2 Nbd7 8. Be3
Nb6 9. O-O e5 10. h3 Bd7 11. Kh2 Qc8 12. f4 exf4 13. Nxf4 h6 14. d4 Nh7 15. b3
Ng5 16. d5 cxd5 17. exd5 Bf6 18. Bd4 Bxd4 19. Qxd4 Re8 20. Nh5 f6 21. Nf4 Qd8
22. Qd3 Nc8 23. Ne4 Nxe4 24. Bxe4 Ne7 25. Bh7+ 1-0

[Event "Bayerische Frauen-EM 2022"]
[Site "Rosenheim"]
[Date "2021.08.25"]
[Round "6.4"]
[White "Hofmann, Karina"]
[Black "Vidonyak, Nellya"]
[Result "0-1"]
[WhiteElo "1641"]
[BlackElo "2118"]
[PlyCount "58"]
[EventDate "2021.??.??"]
[WhiteTeam "SK Weiden"]
[BlackTeam "FC Bayern München"]

1. f4 Nf6 2. Nf3 g6 3. e3 Bg7 4. d4 c5 5. Bd3 Qc7 6. b3 cxd4 7. Nxd4 Nc6 8. O-O
Nxd4 9. exd4 Nd5 10. Bc4 Qb6 11. Bb2 Ne3 12. Qd3 Nxf1 13. Kxf1 O-O 14. Nd2 d5
15. Bxd5 Rd8 16. Nc4 Qc7 17. Qf3 e6 18. Be4 Bxd4 19. Bxd4 Rxd4 20. c3 Rd8 21.
g3 Rb8 22. Ne5 f6 23. Nc4 b5 24. Nb2 f5 25. Bc2 Rd2 26. Rc1 Qb7 27. Qxb7 Bxb7
28. h4 Rbd8 29. c4 Rh2 0-1

[Event "Bayerische Frauen-EM 2022"]
[Site "Rosenheim"]
[Date "2021.08.26"]
[Round "7.1"]
[White "Vidonyak, Nellya"]
[Black "Bardorz, Jana"]
[Result "0-1"]
[WhiteElo "2118"]
[BlackElo "1984"]
[PlyCount "156"]
[EventDate "2021.??.??"]
[WhiteTeam "FC Bayern München"]
[BlackTeam "TSV Rottendorf"]

1. d4 d5 2. c4 e6 3. Nc3 Nf6 4. cxd5 exd5 5. Bg5 Be7 6. e3 h6 7. Bf4 O-O 8. Bd3
c5 9. h3 Nc6 10. Nf3 cxd4 11. Nxd4 Nxd4 12. exd4 Bd6 13. Bxd6 Qxd6 14. O-O Be6
15. Qf3 Qb4 16. Rfd1 Rac8 17. a3 Qd6 18. Ne2 Rfe8 19. Nf4 Bd7 20. Bb1 Ne4 21.
Ba2 Rc2 22. Nd3 Bb5 23. Bxd5 Ng5 24. Qf4 Qxd5 25. Nb4 Qb3 26. Nxc2 Qxc2 27. Rd2
Qe4 28. Qxe4 Nxe4 29. Rdd1 Rd8 30. d5 Nf6 31. a4 Bc4 32. d6 Bd5 33. Rac1 Rxd6
34. Rc8+ Kh7 35. Rc7 Rb6 36. Rd2 a6 37. g4 g5 38. Rc5 Be4 39. a5 Rb3 40. Kh2
Kg7 41. Re5 Rf3 42. Re7 Bc6 43. Re3 Rf4 44. Rc2 Nd5 45. Re1 Ra4 46. Rc5 Rb4 47.
Re2 Nf4 48. Rd2 Ng6 49. Rc3 Nh4 50. Kg3 Ra4 51. Ra3 Rxa3+ 52. bxa3 Ng6 53. f3
Nf4 54. h4 Nd5 55. h5 Kf6 56. Re2 Nf4 57. Re3 Ne6 58. Rd3 Ke5 59. Rd1 f5 60.
Re1+ Kf6 61. gxf5 Kxf5 62. Rd1 Nf4 63. Rh1 Be8 64. Kf2 Nxh5 65. Ke3 Kg6 66. Kd4
Bc6 67. Rf1 Nf4 68. Ke3 Kf5 69. Rc1 Ne6 70. Rh1 Kg6 71. Re1 h5 72. Kf2 Kf5 73.
Rh1 h4 74. Rg1 Nd4 75. Rc1 Nxf3 76. Rd1 g4 77. Rd8 g3+ 78. Kg2 Ng5+ 0-1

[Event "Bayerische Frauen-EM 2022"]
[Site "Rosenheim"]
[Date "2021.08.26"]
[Round "7.2"]
[White "Stegmaier, Erika"]
[Black "Hofmann, Karina"]
[Result "1/2-1/2"]
[WhiteElo "1432"]
[BlackElo "1641"]
[PlyCount "33"]
[EventDate "2021.??.??"]
[WhiteTeam "SK Neuperlach"]
[BlackTeam "SK Weiden"]

1. c4 e6 2. Nc3 Nf6 3. d4 Bb4 4. Bd2 O-O 5. e3 b6 6. Nf3 Bxc3 7. Bxc3 d5 8.
cxd5 Nxd5 9. Bd2 Bb7 10. Be2 Nd7 11. O-O c5 12. dxc5 Nxc5 13. Rc1 a5 14. a3 a4
15. Qc2 Rc8 16. Qb1 Qf6 17. Nd4 1/2-1/2

[Event "Bayerische Frauen-EM 2022"]
[Site "Rosenheim"]
[Date "2021.08.26"]
[Round "7.3"]
[White "Birkholz, Olga"]
[Black "Naumann, Jutta"]
[Result "1-0"]
[WhiteElo "2002"]
[BlackElo "1427"]
[PlyCount "49"]
[EventDate "2021.??.??"]
[WhiteTeam "TSV Bindlach Aktionär"]
[BlackTeam "SC Roter Turm Altstadt"]

1. c4 e6 2. Nf3 d5 3. e3 Nf6 4. Qc2 b6 5. Nc3 a5 6. a3 Ba6 7. b3 Nbd7 8. Be2 c6
9. d4 b5 10. cxb5 cxb5 11. Nxb5 Bxb5 12. Bxb5 Bd6 13. Bb2 O-O 14. Bd3 h6 15. h4
Ne4 16. Bxe4 dxe4 17. Qxe4 Nf6 18. Qd3 Nh5 19. g4 Ng3 20. fxg3 Bxg3+ 21. Ke2 f5
22. g5 h5 23. d5 exd5 24. Rad1 f4 25. Qxd5+ 1-0

[Event "Bayerische Frauen-EM 2022"]
[Site "Rosenheim"]
[Date "2021.08.26"]
[Round "7.4"]
[White "Bräuer, Vanessa"]
[Black "Schäfer, Ann-Kathrin"]
[Result "1-0"]
[WhiteElo "2006"]
[BlackElo "1671"]
[PlyCount "33"]
[EventDate "2021.??.??"]
[WhiteTeam "SC Roter Turm Altstadt"]
[BlackTeam "SC JÄKLECHEMIE"]

1. e4 c5 2. Nc3 g6 3. h4 h5 4. Bc4 Bg7 5. Nf3 Nc6 6. d3 Nf6 7. Bf4 O-O 8. Qd2
a6 9. Ng5 e6 10. Bd6 Re8 11. Qf4 Nd4 12. Kd1 Bh6 13. e5 Bxg5 14. hxg5 Ng4 15.
Ne4 Nc6 16. f3 Ngxe5 17. Nf6+ 1-0